| 000 | 00344nam a2200145Ia 4500 | ||
|---|---|---|---|
| 008 | 191201s2005 xx 000 0 und d | ||
| 082 |
_a429 _bMOE |
||
| 100 | _aMOHAN, Krishna | ||
| 245 | 0 | _aEffective English Communication | |
| 250 | _a9th | ||
| 260 |
_aN.Delhi _bTata McGraw Hill _c2005 |
||
| 300 | _a328 | ||
| 650 | _aApplied | ||
| 942 |
_2ddc _cBK |
||
| 999 |
_c836 _d836 |
||